| 000 | 00486nam a22001337a 4500 | ||
|---|---|---|---|
| 005 | 20241010101338.0 | ||
| 008 | 241010b |||||||| |||| 00| 0 eng d | ||
| 100 |
_aGordon, Mary. _eauthor. _962667 |
||
| 245 |
_aTiny teachers : _bempathy experiences to break the cycle of violence / _cMary Gordon. |
||
| 260 |
_aWashington; _bTaylor & Francis Group, _cMarch-April 2020. |
||
| 300 |
_aVolume 96, pages 14-21, _billustration. |
||
| 700 |
_aGordon, Mary. _eauthor. _962668 |
||
| 942 |
_2ddc _cPER |
||
| 999 |
_c22414 _d22414 |
||